Statistics for Capital Cities: from Closest to Furthest from Rome

Click here to take the quiz!

General Stats

  • This quiz has been taken 472 times
  • The average score is 80 of 195

Answer Stats

DBCAPITAL CITY% Correct
4 283ºVatican City . S
100%
227 358ºSan Marino . M
94%
464 296ºMonaco . L
89%
488 19ºLjubljana . Z
82%
517 32ºZagreb . S
81%
524 65ºSarajevo . P
80%
561 83ºPodgorica . T
79%
612 95ºTirana . V
75%
598 199ºTunis . T
73%
691 324ºBern . P
72%
629 337ºVaduz . V
72%
721 63ºBelgrade . S
70%
718 83ºPristina . B
70%
764 23ºVienna . B
70%
783 27ºBratislava . B
69%
809 39ºBudapest . S
69%
739 89ºSkopje . V
69%
687 165ºValletta . B
69%
895 84ºSofia . A
67%
909 274ºAndorra la Vella . P
66%
1,108 314ºParis . B
66%
922 Prague . L
66%
995 234ºAlgiers . T
65%
1,050 114ºAthens . P
65%
1,183 Berlin . A
65%
1,175 327ºBrussels . B
65%
1,139 75ºBucharest . B
65%
990 330ºLuxembourg . A
65%
1,002 176ºTripoli . A
65%
1,368 263ºMadrid . C
64%
1,316 29ºWarsaw . M
64%
1,299 333ºAmsterdam . W
63%
1,532 Copenhagen . K
63%
1,416 66ºChisinau . L
62%
1,678 55ºKiev . V
62%
1,437 318ºLondon . C
62%
1,703 33ºVilnius . A
62%
1,867 26ºRiga . L
61%
1,723 97ºAnkara . M
60%
1,888 312ºDublin . R
59%
2,008 356ºOslo . T
59%
1,905 242ºRabat . N
59%
1,977 11ºStockholm . O
59%
2,127 23ºTallinn . C
59%
2,350 118ºAmman . M
58%
2,199 113ºBeirut . H
58%
2,284 114ºDamascus . J
58%
2,203 22ºHelsinki . D
58%
2,305 119ºJerusalem . A
58%
1,739 39ºMinsk . R
58%
2,131 128ºCairo . B
57%
1,868 259ºLisbon . D
57%
2,379 49ºMoscow . T
57%
1,959 112ºNicosia . S
57%
2,951 108ºBaghdad . B
55%
2,682 94ºYerevan . B
55%
3,118 93ºBaku . N
54%
3,302 197ºNiamey . R
54%
3,494 146ºKhartoum . O
53%
3,468 113ºKuwait City . K
53%
2,670 90ºTbilisi . Y
53%
3,419 101ºTehran . K
52%
3,544 202ºOuagadougou . A
51%
3,306 317ºReykjavik . N
51%
3,309 175ºN'Djamena . T
50%
3,677 121ºRiyadh . N
49%
3,671 187ºAbuja . R
48%
3,879 116ºManama . A
47%
3,776 225ºNouakchott . B
47%
3,801 211ºBamako . M
46%
3,883 139ºAsmara . A
45%
4,016 117ºDoha . P
45%
4,167 223ºDakar . B
44%
4,217 197ºAccra . B
42%
3,899 96ºAshgabat . D
42%
4,300 116ºAbu Dhabi . B
41%
4,115 195ºLome . D
41%
4,041 194ºPorto-Novo . L
41%
4,213 181ºYaounde . A
41%
4,200 171ºBangui . Y
40%
4,221 221ºBanjul . S
40%
4,303 219ºBissau . C
40%
4,519 155ºJuba . P
40%
4,227 134ºSanaa . M
40%
4,264 204ºYamoussoukro . A
40%
4,406 215ºConakry . A
39%
4,486 138ºDjibouti . A
39%
4,482 214ºFreetown . D
39%
4,566 229ºPraia . M
39%
4,458 144ºAddis Ababa . F
38%
4,509 77ºAstana . J
38%
4,241 185ºMalabo . Y
38%
4,938 99ºKabul . B
36%
4,606 183ºLibreville . S
36%
4,566 210ºMonrovia . L
36%
4,638 187ºSao Tome . T
36%
4,993 88ºBishkek . K
35%
5,119 176ºBrazzaville . K
35%
4,717 94ºDushanbe . K
35%
5,296 99ºIslamabad . N
35%
5,026 156ºKampala . B
35%
5,126 176ºKinshasa . K
35%
5,371 152ºNairobi . M
35%
4,640 90ºTashkent . M
35%
5,295 161ºBujumbura . I
34%
5,822 156ºDodoma . N
34%
5,168 159ºKigali . B
34%
5,617 179ºLuanda . D
34%
5,926 104ºNew Delhi . L
34%
6,646 103ºKathmandu . M
33%
6,558 160ºLilongwe . K
33%
6,547 165ºLusaka . L
33%
4,700 115ºMuscat . D
33%
6,999 84ºUlaanbaatar . T
33%
7,237 267ºWashington . D
33%
7,150 176ºWindhoek . W
33%
7,318 105ºDhaka . M
32%
7,495 169ºGaborone . B
32%
6,881 163ºHarare . U
32%
5,498 143ºMogadishu . L
32%
6,716 152ºMoroni . V
32%
6,749 273ºOttawa . H
32%
7,011 102ºThimphu . W
32%
6,736 139ºVictoria . O
32%
7,325 124ºMale . S
31%
7,573 245ºBridgetown . C
30%
7,624 246ºCastries . C
30%
7,564 247ºRoseau . B
30%
7,475 248ºSaint John's . G
30%
7,636 151ºAntananarivo . P
29%
7,536 249ºBasseterre . R
29%
7,702 245ºKingstown . P
29%
7,791 164ºMaputo . M
29%
7,660 167ºPretoria . K
29%
7,627 120ºColombo . A
28%
8,032 168ºMaseru . S
28%
7,791 165ºMbabane . S
28%
7,734 239ºParamaribo . M
27%
7,909 240ºGeorgetown . M
26%
8,239 252ºPort-au-Prince . P
26%
7,905 244ºPort-of-Spain . G
26%
7,824 245ºSaint George's . P
26%
8,050 251ºSanto Domingo . N
26%
8,184 257ºNassau . P
25%
8,144 91ºBeijing . N
24%
8,714 256ºHavana . H
24%
8,640 252ºKingston . V
24%
8,055 107ºNay Pyi Taw . B
24%
8,283 146ºPort Louis . C
24%
8,363 245ºCaracas . K
23%
8,744 104ºHanoi . P
23%
8,796 91ºPyongyang . B
23%
8,987 92ºSeoul . P
23%
8,705 107ºVientiane . H
23%
8,838 110ºBangkok . B
22%
9,516 247ºPanama . T
22%
9,645 254ºBelmopan . K
21%
9,389 244ºBogota . P
21%
9,831 251ºManagua . T
21%
9,358 110ºPhnom Penh . B
21%
9,820 249ºSan Jose . M
21%
9,624 100ºTaipei . B
21%
9,761 252ºTegucigalpa . S
21%
10,668 111ºBandar Seri Begawan . J
20%
8,893 224ºBrasilia . S
20%
9,711 115ºKuala Lumpur . T
20%
10,114 242ºQuito . M
20%
10,027 116ºSingapore . Q
20%
9,876 93ºTokyo . S
20%
16,213 121ºCanberra . P
19%
9,979 253ºGuatemala City . S
19%
10,827 119ºJakarta . L
19%
10,857 236ºLima . M
19%
10,403 106ºManila . S
19%
9,947 252ºSan Salvador . G
19%
10,435 229ºSucre . B
19%
18,544 119ºWellington
19%
10,353 224ºAsuncion . M
18%
11,132 220ºBuenos Aires . S
18%
12,548 115ºDili . P
18%
11,995 107ºMelekeok . D
18%
10,258 256ºMexico City . A
18%
11,012 219ºMontevideo . B
18%
11,894 225ºSantiago . M
18%
16,867 108ºApia . S
17%
16,084 108ºFunafuti . C
17%
15,211 110ºHoniara . F
17%
17,593 111ºNuku'alofa . W
17%
14,321 112ºPort Moresby . Y
17%
16,484 112ºPort-Vila . A
17%
17,056 111ºSuva . N
17%
14,832 105ºTarawa . H
17%
14,761 106ºYaren . T
17%
14,172 103ºMajuro . P
15%
13,576 105ºPalikir . M
15%

Score Distribution

Percentile by Number Answered

Percent of People with Each Score

Your Score History

You have not taken this quiz